Famous Hurricanes and Cyclones - Statistics

General Stats
  • This quiz has been taken 62 times
  • The average score is 6 of 9
Answer Stats
year hint name % Correct
2005 Louisiana and Mississippi gulf coast Katrina
100%
2012 Haiti then New York/New Jersey, the "superstorm" Sandy
90%
2017 Houston, Texas Harvey
86%
1992 Dade County, Florida Andrew
84%
2017 Leeward Islands, Florida Keys, 2 weeks after ^^^ Irma
78%
2017 Dominica and Puerto Rico, 2 weeks after ^^^ Maria
78%
2016 South Pacific's strongest ever cyclone Winston
35%
1960 Florida Keys, a hurricane for 17 days Donna
24%
1988 New Zealand's wettest in 93 years Bola
14%
No matching quizzes found
Score Distribution
Percent of People with Each Score
Percentile by Number Answered
Your Score History
You have not taken this quiz